00186 a2200085 450000100060000008200170000610000260002324500350004926000160008476732 a891.4394 ASK aAskari,Muhammad Hasan aMajmoo'a Muhammad Hasan Askari bSang-e-meel